Normal view
MARC view
- Garner B.A
Entry Personal Name
001 - CONTROL NUMBER
- control field: 9081
003 - CONTROL NUMBER IDENTIFIER
- control field: NUST
005 - DATE AND TIME OF LATEST TRANSACTION
- control field: 20180119123103.0
008 - FIXED-LENGTH DATA ELEMENTS
- fixed length control field: 180119|| aca||aabn | a|a d
040 ## - CATALOGING SOURCE
- Original cataloging agency: NUST
- Transcribing agency: NUST
100 ## - HEADING--PERSONAL NAME
- Personal name: Garner B.A
670 ## - SOURCE DATA FOUND
- Source citation: Work cat.: (NUST)306912: Garner B.A, Black's Law Dictionary 7th Edition, 1999
